Lean accounting : Best practices for sustainable integration

Anyone involved in a lean transformation inevitably bumps up against the vagaries of the accounting systems that reward overproduction and waste and seem to punish true improvement. We wonder what would happen if the accountants actually came to the production floor and witnessed firsthand the havoc...

Cijeli opis

Spremljeno u:
Bibliografski detalji
Format: Knjiga
Jezik:Undetermined
Izdano: Hoboken, N.J. John Wiley & Sons 2007
Teme:
Oznake: Dodaj oznaku
Bez oznaka, Budi prvi tko označuje ovaj zapis!
Thư viện lưu trữ: Trung tâm Học liệu Trường Đại học Cần Thơ
LEADER 01175nam a2200205Ia 4500
001 CTU_164620
008 210402s9999 xx 000 0 und d
020 |c 55.44 
082 |a 658.1511 
082 |b L437 
245 0 |a Lean accounting : 
245 0 |b Best practices for sustainable integration 
245 0 |c Edited by Joe Stenzel 
260 |a Hoboken, N.J. 
260 |b John Wiley & Sons 
260 |c 2007 
520 |a Anyone involved in a lean transformation inevitably bumps up against the vagaries of the accounting systems that reward overproduction and waste and seem to punish true improvement. We wonder what would happen if the accountants actually came to the production floor and witnessed firsthand the havoc created by their systems. This volume gathers together some of the best thinkers to take a critical look at traditional cost accounting and defines a path forward to 'lean accounting. 
650 |a Managerial accounting,Organizational effectiveness,Industrial efficiency,Quản trị kế toán,Tổ chức hiệu quả,Hiệu suất công nghiệp 
904 |i Qhieu 
980 |a Trung tâm Học liệu Trường Đại học Cần Thơ